• 首页
  • 本馆介绍
  • 公告通知
  • 最新文献
  • 馆藏检索
  • 电子资源
  • 读者导购
  • 参考咨询
  • 我的图书馆
  • 登录
  • 详细信息显示
  • 放入我的书架
  • 预约/预借图书
  • 作者相关作品
  • 分类相关作品
  • 丛书相关作品
  • 出版社相关作品

书目信息

  • 表格格式
  • 工作单格式
  • 卡片格式
题名:
有机产品认证服务于生态文明建设的理论与实践
    
 
作者: 顾绍平 主编 ;国家认证认可监督管理委员会 , 中国质量认证中心 编著
分册:  
出版信息: 北京   中国质检出版社  2016.07
页数: 182页
开本: 26cm
丛书名:
单 册:
中图分类: F326.5
科图分类:
主题词: 有机农业--you ji nong ye--农产品--产品质量认证--研究--中国
电子资源:
ISBN: 978-7-5026-4280-8
000 01360nam0 2200277 450
001 CAL 0120161999560
005 20230308143222.0
010    @a978-7-5026-4280-8@dCNY42.00
100    @a20160906d2016 em y0chiy0120 ea
101 0  @achi
102    @aCN@b110000
105    @aak a 000yy
106    @ar
200 1  @a有机产品认证服务于生态文明建设的理论与实践@Ayou ji chan pin ren zheng fu wu yu sheng tai wen ming jian she de li lun yu shi jian@f国家认证认可监督管理委员会, 中国质量认证中心编著
210    @a北京@c中国质检出版社@c中国标准出版社@d2016.07
215    @a182页@c图@d26cm
314    @a书内题: 顾绍平主编
320    @a有书目 (第178-182页)
330    @a本书从概述、有机产业的发展概况、生态文明与生态文明建设、有机产品认证促进有机产业发展、有机产业发展与生态文明建设的关系、有机产业服务于生态文明建设的价值体现、有机产品认证示范区生态文明建设实践典型案例等方面论述。为有机产业发展及生态文明建设提供理论与实践基础, 促进农业可持续发展, 推动生态文明建设。
606 0  @a有机农业@Ayou ji nong ye@x农产品@x产品质量认证@x研究@y中国
690    @aF326.5@v5
701  0 @a顾绍平@Agu shao ping@4主编
712 02 @a国家认证认可监督管理委员会@Aguo jia ren zheng ren ke jian du guan li wei yuan hui@4编著
712 02 @a中国质量认证中心@Azhong guo zhi liang ren zheng zhong xin@4编著
801  0 @aCN@bBJXHXP@c20230308
905    @b1403980-4@dF326.5@e226@f5
    
    有机产品认证服务于生态文明建设的理论与实践/国家认证认可监督管理委员会, 中国质量认证中心编著.-北京:中国质检出版社:中国标准出版社,2016.07
    182页:图;26cm
    
    
    ISBN 978-7-5026-4280-8:CNY42.00
    本书从概述、有机产业的发展概况、生态文明与生态文明建设、有机产品认证促进有机产业发展、有机产业发展与生态文明建设的关系、有机产业服务于生态文明建设的价值体现、有机产品认证示范区生态文明建设实践典型案例等方面论述。为有机产业发展及生态文明建设提供理论与实践基础, 促进农业可持续发展, 推动生态文明建设。
●
相关链接 在E读中查询图书 在五车中查询图书 在当当中查询图书 在豆瓣中查询图书


正题名:有机产品认证服务于生态文明建设的理论与实践     索取号:F326.5/226         预约/预借

序号 登录号 条形码 馆藏地/架位号 状态 备注
1 1403980   214039805   第一样本阅览室/ [索取号:F326.5/226] 在馆    
2 1403981   214039814   第一借阅区/ [索取号:F326.5/226] 在馆    
3 1403982   214039823   第一借阅区/ [索取号:F326.5/226] 在馆    
4 1403983   214039832   第一借阅区/ [索取号:F326.5/226] 在馆    
5 1403984   214039841   第一借阅区/ [索取号:F326.5/226] 在馆    
唐山师范学院图书馆 欢迎您!
大连网信软件有限公司© 版权所有